| 000 | 00311nam a22001097a 4500 | ||
|---|---|---|---|
| 027 | _q9780815365419 | ||
| 040 | _cIESE NUST | ||
| 082 |
_a363.34 _bKEI |
||
| 100 |
_aKEITH SMITH,CARINA J. FEARNLEY, DEBORAH DIXON _9124368 |
||
| 245 | _aEnvironmental Hazards Assessing risk and reducing Disaster | ||
| 942 |
_2ddc _cBK |
||
| 999 |
_c610250 _d610250 |
||